River and canal engineering, (Record no. 547840)

000 -LEADER
fixed length control field 00650cam a2200169 4500
082 ## - DEWEY DECIMAL CLASSIFICATION NUMBER
Classification number 627.12
Author Mark BEL
-- L-Tech, P-118
100 1# - MAIN ENTRY--PERSONAL NAME
Personal name Bellasis, E. S.
9 (RLIN) 43976
245 10 - TITLE STATEMENT
Title River and canal engineering,
Remainder of title the characteristics of open flowing streams, and the principles and methods to by followed in dealing with them,
Statement of responsibility, etc. by E. S. Bellasis.
260 ## - PUBLICATION, DISTRIBUTION, ETC.
Place of publication, distribution, etc. London,
Name of publisher, distributor, etc. E. & F.N. Spon, ltd.;
Place of publication, distribution, etc. New York,
Name of publisher, distributor, etc. Spon & Chamberlain,
Date of publication, distribution, etc. 1913.
300 ## - PHYSICAL DESCRIPTION
Extent x, 215 p.
Other physical details illus.
Dimensions 23 cm.
526 ## - STUDY PROGRAM INFORMATION NOTE
Program name 0
Interest level 0
Reading level 0
Title point value 627_120000000000000_BEL
650 #0 - SUBJECT ADDED ENTRY--TOPICAL TERM
Topical term or geographic name entry element Canals.
9 (RLIN) 43977
650 #0 - SUBJECT ADDED ENTRY--TOPICAL TERM
Topical term or geographic name entry element Hydraulic engineering.
9 (RLIN) 3526
650 #0 - SUBJECT ADDED ENTRY--TOPICAL TERM
Topical term or geographic name entry element MCE
9 (RLIN) 379
650 #0 - SUBJECT ADDED ENTRY--TOPICAL TERM
Topical term or geographic name entry element Rivers.
9 (RLIN) 2163
942 ## - ADDED ENTRY ELEMENTS (KOHA)
Source of classification or shelving scheme
Koha item type Book
Holdings
Withdrawn status Lost status Source of classification or shelving scheme Damaged status Not for loan Permanent Location Current Location Date acquired Total Checkouts Full call number Barcode Date last seen Date last checked out Price effective from Koha item type
          Military College of Engineering (MCE) Military College of Engineering (MCE) 08/08/2014 1 627.12 BEL MCE-40048 11/09/2020 11/09/2020 08/08/2014 Book
© 2023 Central Library, National University of Sciences and Technology. All Rights Reserved.